000 00448nam a22001817a 4500
003 MPLRDC
005 20220104123923.0
008 210129b ||||| |||| 00| 0 eng d
020 _a983-99220-1-7
082 _a312.98 ZYC
100 _a郑云城、赖昭光、叶瑞生著
245 _a认识多媒体超级走廊
_c
250 _a再版
260 _a
_b方正有限公司
_c1997
300 _b
650 _a
942 _cBK
_o312.98 ZYC
999 _c15239
_d15229